| 000 | 00434nam a22001697a 4500 | ||
|---|---|---|---|
| 003 | CEME | ||
| 005 | 20210628205708.0 | ||
| 008 | 210315b xxu||||| |||| 00| 0 eng d | ||
| 040 | _c. | ||
| 082 | _a200 NOR | ||
| 100 |
_aNorthbourne, Lord _976690 |
||
| 245 | _aReligion in the modern world | ||
| 260 |
_aPAKISTAN _bSOHAIL ACADEMY _c1999 |
||
| 300 | _a110P | ||
| 650 |
_aWORLD RELIGION IN THE MODERN WORLD _976691 |
||
| 942 |
_cBK _2ddc |
||
| 999 |
_c582040 _d582040 |
||